MANUAL OF ANESTHESIA FOR OPERATION THEATER TECHNICIANS (Record no. 33801)

MARC details
000 -LEADER
fixed length control field 00431nam a22001697a 4500
003 - CONTROL NUMBER IDENTIFIER
control field SGT
020 ## - INTERNATIONAL STANDARD BOOK NUMBER
International Standard Book Number 9789354653056
082 ## - DEWEY DECIMAL CLASSIFICATION NUMBER
Classification number 617.96
Item number M25P
100 ## - MAIN ENTRY--PERSONAL NAME
Personal name PILLAI, S. AHANATHA
245 ## - TITLE STATEMENT
Title MANUAL OF ANESTHESIA FOR OPERATION THEATER TECHNICIANS
250 ## - EDITION STATEMENT
Edition statement 2ND
260 ## - PUBLICATION, DISTRIBUTION, ETC. (IMPRINT)
Place of publication, distribution, etc INDIA
Name of publisher, distributor, etc JAYPEE PUB
Year of Publication 2025
300 ## - PAGE DESCRIPTION
No. of Pages 272
650 ## - SUBJECT ADDED ENTRY--TOPICAL TERM
Topical term or geographic name as entry element ANESTHESIA
653 ## - KEYWORDS--INDEX TERM
Keyword term ANESTHESIA FOR OPERATION THEATER TECHNICIANS
942 ## - ADDED ENTRY ELEMENTS (KOHA)
Source of classification or shelving scheme Dewey Decimal Classification
Koha item type Books
Holdings
Withdrawn status Lost status Source of classification or shelving scheme Damaged status Not for loan Collection code Home library Current library Shelving location Date acquired Vendor Name Cost, normal purchase price SGTU Bill Number Full call number Accession No. (Barcode) Date last seen Bill Date Koha item type Total Checkouts
    Dewey Decimal Classification   Not For Loan MEDICAL SGT Medical Library SGT Medical Library Reference Book 29/11/2025 ABC DELHI 750.00 SGTU 22053 617.96 M25P FM16211 30/01/2026 29/11/2025 Books  
    Dewey Decimal Classification     MEDICAL SGT Medical Library SGT Medical Library Text Book 29/11/2025 ABC DELHI 750.00 SGTU 22053 617.96 M25P FM16212 30/01/2026 29/11/2025 Books  
    Dewey Decimal Classification     MEDICAL SGT Medical Library SGT Medical Library Text Book 29/11/2025 ABC DELHI 750.00 SGTU 22053 617.96 M25P FM16213 30/01/2026 29/11/2025 Books  
    Dewey Decimal Classification     MEDICAL SGT Medical Library SGT Medical Library Text Book 29/11/2025 ABC DELHI 750.00 SGTU 22053 617.96 M25P FM16214 30/01/2026 29/11/2025 Books  
    Dewey Decimal Classification     MEDICAL SGT Medical Library SGT Medical Library Text Book 29/11/2025 ABC DELHI 750.00 SGTU 22053 617.96 M25P FM16215 30/01/2026 29/11/2025 Books